Induction of single strand DNA breaks in workers professionally exposed to polycyclic aromatic hydrocarbons

Bibliographic Details
Main Authors: Kalina, Ivan, 1939-2014 (Author), Šalagovič, Ján, 1968- (Author), Dubayová, Katarína, 1961- (Author)
Format: Article
Language:English

MARC

LEADER 00000nab a2200000ua 4500
001 vtls010828920
003 SK-MaSNL
005 20260303215844.0
008 230222s1995 xo |||||||||||||||||eng|
035 |a (urnnbn)urn:nbn:sk:snk:ar-a06f2y 
035 |a urn:nbn:sk:snk-ab5ueb 
035 |a (uuid)addf78f5-911d-4627-b6a8-ff265e8b0d06 
040 |a SNKBUCL  |b slo  |c SNKBUCL  |e AACR2 
041 0 |a eng 
044 |a xo  |c SK 
100 1 |a Kalina, Ivan,  |d 1939-2014  |4 aut  |9 38930 
245 1 0 |a Induction of single strand DNA breaks in workers professionally exposed to polycyclic aromatic hydrocarbons  |c I. Kalina, J. Šalagovič, K. Dubayová 
700 1 |a Šalagovič, Ján,  |d 1968-  |4 aut  |9 241689 
700 1 |a Dubayová, Katarína,  |d 1961-  |4 aut  |9 194510 
773 0 |t Neoplasma : journal of experimental and clinical oncology  |g Roč. 42, č. 3 (1995), s. 115-118 
958 |a OND 
958 |a EUIPO 
958 |a article5 
999 |c 2223713  |d 2225643